Occupational psychology : (Record no. 18385)
[ view plain ]
| 000 -LEADER | |
|---|---|
| fixed length control field | 01051nam a22003131i 4500 |
| 001 - CONTROL NUMBER | |
| control field | 016297400 |
| 003 - CONTROL NUMBER IDENTIFIER | |
| control field | OSt |
| 005 - DATE AND TIME OF LATEST TRANSACTION | |
| control field | 20140918104405.0 |
| 008 - FIXED-LENGTH DATA ELEMENTS--GENERAL INFORMATION | |
| fixed length control field | 140118s2013 xxka frbd 001 0 eng d |
| 020 ## - INTERNATIONAL STANDARD BOOK NUMBER | |
| International Standard Book Number | 9780273734208 (print) |
| 020 ## - INTERNATIONAL STANDARD BOOK NUMBER | |
| Cancelled/invalid ISBN | 9780273734215 (ePub) |
| 020 ## - INTERNATIONAL STANDARD BOOK NUMBER | |
| Cancelled/invalid ISBN | 9780273786900 (eText) |
| 040 ## - CATALOGING SOURCE | |
| Original cataloging agency | IiNdDKA |
| Language of cataloging | eng |
| Transcribing agency | IiNdDKA |
| Description conventions | rda |
| Modifying agency | EG-ScBUE |
| 082 00 - DEWEY DECIMAL CLASSIFICATION NUMBER | |
| Classification number | 158.7 |
| Edition number | 22 |
| Item number | STE |
| 100 1# - MAIN ENTRY--PERSONAL NAME | |
| Personal name | Steptoe-Warren, Gail |
| 9 (RLIN) | 36078 |
| 245 10 - TITLE STATEMENT | |
| Title | Occupational psychology : |
| Remainder of title | an applied approach / |
| Statement of responsibility, etc | Gail Steptoe-Warren. |
| 260 ## - PUBLICATION, DISTRIBUTION, ETC. (IMPRINT) | |
| Place of publication, distribution, etc | Harlow, United Kingdom : |
| Name of publisher, distributor, etc | Pearson, |
| Date of publication, distribution, etc | 2013 |
| Place of manufacture | (Gosport, United Kingdom : |
| Manufacturer | Ashford Colour Press Ltd.) |
| 300 ## - PHYSICAL DESCRIPTION | |
| Extent | xx, 318 p. : |
| Other physical details | ill. ; |
| Dimensions | 25 cm. |
| 490 0# - Series Statement | |
| Series statement | Always learning |
| 500 ## - GENERAL NOTE | |
| General note | Glossary : p. 276-284. |
| 500 ## - GENERAL NOTE | |
| General note | Index : p. 308-318. |
| 504 ## - BIBLIOGRAPHY, ETC. NOTE | |
| Bibliography, etc | Bibliography : p. 285-307. |
| 530 ## - ADDITIONAL PHYSICAL FORM AVAILABLE NOTE | |
| Additional physical form available note | Also issued online. |
| 650 #0 - SUBJECT ADDED ENTRY--TOPICAL TERM | |
| Topical term or geographic name as entry element | Psychology, Industrial |
| 9 (RLIN) | 12215 |
| 653 ## - INDEX TERM--UNCONTROLLED | |
| Resource For college | BAEPS, Business Administration |
| Arrived date list | September2014 |
| 655 ## - INDEX TERM--GENRE/FORM | |
| Form subdivision | |
| -- | 33728 |
| 690 7# - LOCAL SUBJECT ADDED ENTRY--TOPICAL TERM (OCLC, RLIN) | |
| Topical term or geographic name as entry element | Management and Business Studies |
| Source of heading or term | blcoll |
| 942 ## - ADDED ENTRY ELEMENTS (KOHA) | |
| Source of classification or shelving scheme | Dewey Decimal Classification |
| Call number prefix | 158.7 STE |
| Withdrawn status | Item status | Source of classification or shelving scheme | Damaged status | Not for loan | Vendor | Home library | Current library | Shelving location | Date acquired | Source of acquisition | Total Checkouts | Full call number | Barcode | Date last seen | Koha item type | Total Renewals | Date last borrowed |
|---|---|---|---|---|---|---|---|---|---|---|---|---|---|---|---|---|---|
| Dewey Decimal Classification | Baccah | Central Library | Central Library | Lower Floor | 18/09/2014 | Purchase | 158.7 STE | 000036151 | 15/07/2025 | NB - Book (Non borrowing) | |||||||
| Dewey Decimal Classification | Baccah | Central Library | Central Library | Lower Floor | 18/09/2014 | Purchase | 6 | 158.7 STE | 000036152 | 15/07/2025 | Book - Borrowing | 2 | 01/11/2015 | ||||
| Lost & Replaced | Dewey Decimal Classification | Baccah | Central Library | Central Library | Lower Floor | 18/09/2014 | Purchase | 4 | 158.7 STE | 000036153 | 17/11/2018 | Book - Borrowing | 1 | 02/07/2017 | |||
| Dewey Decimal Classification | Baccah | Central Library | Central Library | Lower Floor | 18/09/2014 | Purchase | 10 | 158.7 STE | 000036154 | 15/07/2025 | Book - Borrowing | 45 | 16/11/2015 | ||||
| Dewey Decimal Classification | Baccah | Central Library | Central Library | Lower Floor | 18/09/2014 | Purchase | 9 | 158.7 STE | 000036155 | 15/07/2025 | Book - Borrowing | 1 | 17/11/2015 | ||||
| Dewey Decimal Classification | Baccah | Central Library | Central Library | Lower Floor | 18/09/2014 | Purchase | 6 | 158.7 STE | 000036156 | 15/07/2025 | Book - Borrowing | 04/01/2015 | |||||
| Dewey Decimal Classification | Baccah | Central Library | Central Library | Lower Floor | 18/09/2014 | Purchase | 7 | 158.7 STE | 000036157 | 15/07/2025 | Book - Borrowing | 3 | 17/12/2014 | ||||
| Dewey Decimal Classification | Baccah | Central Library | Central Library | Lower Floor | 18/09/2014 | Purchase | 4 | 158.7 STE | 000036158 | 15/07/2025 | Book - Borrowing | 2 | 14/02/2023 | ||||
| Dewey Decimal Classification | Baccah | Central Library | Central Library | Lower Floor | 18/09/2014 | Purchase | 9 | 158.7 STE | 000036159 | 15/07/2025 | Book - Borrowing | 11 | 13/10/2022 | ||||
| Dewey Decimal Classification | Baccah | Central Library | Central Library | Lower Floor | 18/09/2014 | Purchase | 5 | 158.7 STE | 000036160 | 11/02/2026 | Book - Borrowing | 1 | 09/11/2014 |